000
00210 a2200097 4500
001
58551
100
_a
245
_a
Fluid power with applications
260
_a
NJ
_b
Prentice-Hill
_c
1994
090
_c
35924
_d
35924
942
_a
NUST-CAE
_c
_c
28807
999
_c
293624
_d
293624